000 00602nam a2200265Ia 4500
005 20260306163441.0
008 008 260114s9999 xx 000 0 eng d
020 _a9780813039428
037 _aEBOOK
040 _aCRL
040 _beng
040 _cCRL
041 _2eng
041 _aeng
084 _qCRL
100 _aJordan
245 4 _aThe Seneca Restoration, 1715-1754
260 _bUniversity Press of Florida
260 _c2011
650 _aHistory
856 _uhttps://academic.oup.com/book/29071
942 _cEBOOK
999 _c1710153
_d1710153